La acción colectiva sindical y la recomposición de la respuesta política estatal en la Argentina 2003-2007 /
Shranjeno v:
| Glavni avtor: | |
|---|---|
| Format: | Texto |
| Oznake: |
Označite
Brez oznak, prvi označite!
|
MARC
| LEADER | 00000 a a2200000 04500 | ||
|---|---|---|---|
| 001 | 43760 | ||
| 003 | |||
| 040 | |||
| 100 | |a Gómez, Marcelo | ||
| 245 | |a La acción colectiva sindical y la recomposición de la respuesta política estatal en la Argentina 2003-2007 / |c Marcelo Gómez | ||
| 773 | |g volumen 2, 161-205 : tablas | ||
| 999 | |c 38283 |d 38283 | ||
